000 00572nam a22002297a 4500
003 UA-OsUOA
001 30038
007 ta
008 20041103b un ||||| |||| 00| 0 ukr d
090 _a821.161.2
_bА72
942 _cBK
040 _aUA-OsUOA
_bukr
_cUA-OsUOA
_dUA-OsUOA
245 _aУкраїнська радаянська поезія
_bТвори поетів ХІ-ХVІІ
_cРед. М. П.Бажан
300 _a454 с.
955 _a0
041 _aukr
080 _a821.161.2
260 _c1984
044 _aUA
650 7 _2UDC
999 _c316442
_d316442